Educación para la salud : (Record no. 17780)

MARC details
000 -CABECERA
campo de control de longitud fija 00946nam a2200217 a 4500
005 - FECHA Y HORA DE LA ÚLTIMA TRANSACCIÓN
campo de control 20230526063515.0
008 - ELEMENTOS DE LONGITUD FIJA--INFORMACIÓN GENERAL
campo de control de longitud fija 991125s1965 mx 000 0 spa u
035 ## - NÚMERO DE CONTROL DEL SISTEMA
Número de control de sistema UPN01000017780
049 ## - COLECCIÓN
Colección LT
050 #4 - SIGNATURA TOPOGRÁFICA DE LA BIBLIOTECA DEL CONGRESO
Número de clasificación LB2002 H5
Número de documento/Ítem E368
245 00 - MENCIÓN DE TÍTULO
Título Educación para la salud :
Resto del título una guía para el maestro y un texto para la enseñanza en escuelas normales /
Mención de responsabilidad, etc. [redacción y ed. de] Bernice R. Moss, Warre H. Southworth, John Lester Reichert ; tr. Carmen López Landa
260 ## - PUBLICACIÓN, DISTRIBUCIÓN, ETC.
Lugar de publicación, distribución, etc. México :
Nombre del editor, distribuidor, etc. Trillas,
Fecha de publicación, distribución, etc. 1965
300 ## - DESCRIPCIÓN FÍSICA
Extensión 486 p. :
Otras características físicas il.
500 ## - NOTA GENERAL
Nota general "Proyecto establecido por una comisión mixta constituida por la National Education Association y la American Medical Association con la cooperación de eminentes especialistas"
650 #4 - ASIENTO SECUNDARIO DE MATERIA - TERMINO TEMATICO
Término de materia o nombre geográfico como elemento de entrada Higiene
Subdivisión general Estudio y enseñanza
9 (RLIN) 21853
700 2# - ASIENTO SECUNDARIO--NOMBRE DE PERSONAL
Nombre de persona Moss, R. Bernice,
Término indicativo de función/relación ed.
700 2# - ASIENTO SECUNDARIO--NOMBRE DE PERSONAL
Nombre de persona Southworth, Warren H.,
Término indicativo de función/relación ed.
700 2# - ASIENTO SECUNDARIO--NOMBRE DE PERSONAL
Nombre de persona Lester, Reichert, John,
Término indicativo de función/relación ed.
904 ## - ELEMENTOS DE DATOS D LOCAL, LDD (RLIN)
a AC
b 017781
905 ## - TIPO DE MATERIAL
Tipo de material Libro
Holdings
Estado de retiro Estado de pérdida Fuente del sistema de clasificación o colocación Estado dañado No para préstamo Código de colección Localización permanente Ubicación/localización actual Ubicación en estantería Fecha de adquisición Enumeración/cronología de publicación seriada Clasificación Código de barras Fecha visto por última vez Número de copia Tipo de ítem Koha
    Library of Congress Classification   Disponible (Préstamo en sala) Libros de texto Bib. Gregorio Torres Quintero Bib. Gregorio Torres Quintero Colecciones especiales Planta alta 25/05/2023 - LB2002 H5 E368 44178 31/12/2020 1 Libro